000 00825nam a2200265 a 4500
001 26331
003 CO-ViMGA
005 20230915223419.0
008 141112s2004 ck r 000 u spa d
020 _a9681667220
035 _aAJD5119 LA
040 _aCO-ViMGA
_bspa
_cCO-ViMGA
041 _aspa fre
043 _ae - fr - - -
090 _aC RIVm
100 1 _aRivais, Yak.
_93413
245 1 0 _aMouche y la hechicera /
_cYak Rivais ; ilustraciones de Rodrigo Ponce ; traducción de Diana Luz Sánchez.
260 _aMéxico :
_bFondo de Cultura Económica,
_c2002.
300 _a72 p. : il. ; 19 cm.
490 0 _aA la orilla del viento. Para los que empiezan a leer ; 162
650 1 4 _aCuentos infantiles franceses.
_92812
700 1 _aPonce, Rodrigo, il.
_93414
942 _2ddc
_cBK
949 _an n
999 _c9876
_d9876